Supper in Paris: Sudden Death Menu - Statistics

General Stats
  • This quiz has been taken 55 times
  • The average score is 8 of 10
Answers on the Grid
Answers color-coded by a green-red scale on the quiz's grid according to % correct below.
le café au poison noir
le café au lait
​l' arbrisseau vert
les pommes
le croque monsieur
les pâtes
le vin rouge
le pantalon
le pain
le poisson
soupe avec des chaussures
la quiche
​la chaise
le sandwich au goudron de route
​la tarte
le gâteau au chocolat
 
Answer Stats
Answer % Correct
le vin rouge
87%
la quiche
84%
le gâteau au chocolat
84%
les pommes
82%
​la tarte
80%
le café au lait
80%
le pain
80%
le poisson
80%
le croque monsieur
69%
les pâtes
67%
No matching quizzes found
Score Distribution
Percent of People with Each Score
Percentile by Number Answered
Your Score History
You have not taken this quiz